000 01256nam a2200265Ia 4500
003 OSt
005 20250415165841.0
008 191128s2001 ag er 000 f spa d
020 _a9505117213
040 _aCO-JMCR
_cCO-JMCR
041 0 _aspa
082 0 4 _aA-N
_bLOJa
100 1 _aLojo, María Rosa,
_eautora
_91376
245 1 0 _aAmores insólitos de nuestra historia /
_cMaría Rosa Lojo
250 _aPrimera edición
260 _aBuenos Aires :
_bAlfaguara,
_c2001
300 _a356 páginas ;
_c24 cm.
500 _aIncluye datos biográficos de la autora en solapa.
504 _aBibliografía: páginas 341-353
520 _aÉxtasis y desdicha, violencia y paz, fugacidad y permanencia, el amor aparece como la eterna contradicción y, a la vez, como la instancia superadora de todas las antinomias. Si esta experiencia extraordinaria es -en principio- un patrimonio compartido por todos los seres humanos ¿qué tienen de insólitos estos amores de nuestra historia? En ellos se exacerban las distancias y las diferencias (de clase, raza, cultura, edad, poder) para bien y para mal de los amantes.
650 1 4 _aNovela argentina
_932
650 1 4 _aNovela amorosa
_9184
650 1 4 _aPasión en la literatura
_91377
942 _2ddc
_cBK
999 _c3540
_d3540